[Event "AUT-chT2O 2223"]
[Site "Austria"]
[Date "2023.02.19"]
[Round "9"]
[White "Rainprecht, Bernhard"]
[Black "Knoflicek, Ctibor"]
[Result "0-1"]
[WhiteElo "2067"]
[BlackElo "2228"]
[PlyCount "76"]
[EventDate "2022.10.15"]
[EventType "team-tourn"]
[EventRounds "11"]
[EventCountry "AUT"]
[SourceTitle "CBM 213 Extra"]
[Source "ChessBase"]
[SourceDate "2023.05.31"]
[SourceVersion "1"]
[SourceVersionDate "2023.05.31"]
[SourceQuality "1"]
[WhiteTeam "Purbach/Donnerskirchen"]
[BlackTeam "Kottingbrunn"]
[WhiteTeamCountry "AUT"]
[BlackTeamCountry "AUT"]

1. e4 e5 2. Nc3 Nf6 3. Bc4 Nc6 4. d3 Bb4 5. Nge2 d5 6. exd5 Nxd5 7. 0-0 Be6 8. Nxd5 Bxd5 9. Bxd5 Qxd5 10. a3 Be7 11. Nc3 Qd7 12. Be3 f5 13. f4 exf4 14. Bxf4 0-0-0 15. Qd2 h6 16. Rae1 g5 17. Be3 b6 18. Qe2 h5 19. Qf3 f4 20. Bf2 Kb8 21. Qe4 Bf6 22. Qe6 Rhf8 23. Qxd7 Rxd7 24. Re4 Nd4 25. Bxd4 Bxd4+ 26. Kh1 h4 27. Nd1 Rff7 28. c3 Be3 29. d4 Bc1 30. h3 Rfe7 31. Rfe1 Rxe4 32. Rxe4 c5 33. Kg1 cxd4 34. Rxd4 Rxd4 35. cxd4 Kc7 36. Kf1 Kd6 37. Ke2 Ke6 38. Kd3 g4 0-1

[Event "AUT-chT2O 1516"]
[Site "Austria"]
[Date "2016.04.10"]
[Round "11.5"]
[White "Rainprecht, Bernhard"]
[Black "Vitouch, Anatol"]
[Result "0-1"]
[WhiteElo "2104"]
[BlackElo "2254"]
[PlyCount "76"]
[EventDate "2015.10.17"]
[EventType "team-tourn"]
[EventRounds "11"]
[EventCountry "AUT"]
[SourceTitle "EXT 2017"]
[Source "ChessBase"]
[SourceDate "2016.10.25"]
[SourceVersion "1"]
[SourceVersionDate "2016.10.25"]
[SourceQuality "1"]
[WhiteTeam "Purbach"]
[BlackTeam "Pamhagen"]
[WhiteTeamCountry "AUT"]
[BlackTeamCountry "AUT"]

1. e4 c5 2. c4 Nc6 3. Nc3 g6 4. g3 Bg7 5. Bg2 d6 6. Nge2 e6 7. Rb1 Nge7 8. d3 0-0 9. a3 b6 10. 0-0 Bb7 11. Be3 Nd4 12. b4 Qd7 13. Qd2 f5 14. f3 Nec6 15. Bf2 fxe4 16. fxe4 Nf3+ 17. Bxf3 Rxf3 18. Kg2 Ne5 19. Be3 Raf8 20. Ng1 Rxf1 21. Rxf1 Rxf1 22. Kxf1 Ng4 23. Nd1 Qa4 24. Bf4 e5 25. Bg5 Nxh2+ 26. Kg2 Ng4 27. bxc5 dxc5 28. Nc3 Qxa3 29. Nb5 Qa4 30. Ne2 Bc6 31. Nec3 Qa6 32. Qe2 h5 33. Nc7 Qc8 34. N3d5 Bxd5 35. Nxd5 Qf8 36. Ne7+ Kh7 37. Nc6 a5 38. Qb2 Qd6 0-1

[Event "AUT-chT2O 1314"]
[Site "Austria"]
[Date "2013.10.06"]
[Round "2.6"]
[White "Batyte, Daiva"]
[Black "Rainprecht, Bernhard"]
[Result "1/2-1/2"]
[WhiteElo "2135"]
[BlackElo "2115"]
[PlyCount "25"]
[EventDate "2013.10.05"]
[EventType "team-tourn"]
[EventRounds "11"]
[EventCountry "AUT"]
[SourceTitle "EXT 2014"]
[Source "ChessBase"]
[SourceDate "2013.11.20"]
[SourceVersion "1"]
[SourceVersionDate "2013.11.20"]
[SourceQuality "1"]
[WhiteTeam "Nickelsdorf"]
[BlackTeam "Purbach"]
[WhiteTeamCountry "AUT"]
[BlackTeamCountry "AUT"]

1. c4 c5 2. Nc3 Nc6 3. g3 g6 4. Bg2 Bg7 5. Nf3 e5 6. d3 Nge7 7. 0-0 0-0 8. e3 a6 9. Nd5 d6 10. Nxe7+ Qxe7 11. Bd2 Be6 12. Bc3 Rfd8 13. e4 1/2-1/2